| 000 | 00655nam a2200193Ia 4500 | ||
|---|---|---|---|
| 008 | 151121s9999||||xx |||||||||||||| ||und|| | ||
| 082 | _a811/आफळे | ||
| 082 | _bHNW-48182 | ||
| 100 | _aआफळे गोविंदस्वामी | ||
| 245 | _aसावरकर गाथा | ||
| 260 | _b"आफळे प्रकाशन, दादर-मुंबई" | ||
| 260 | _c-- | ||
| 300 | _a28 | ||
| 600 | _aआफळे गोविंदस्वामी | ||
| 630 | _aसावरकर गाथा | ||
| 700 | _aआफळे गोविंदस्वामी | ||
| 730 | _aसावरकर गाथा | ||
| 942 | _cBOOK | ||
| 999 |
_c1233832 _d1233829 |
||